000 00547nam a22002057a 4500
003 OSt
005 20240912085713.0
008 240912b |||||||| |||| 00| 0 eng d
020 _a9780750664936
040 _aMUST
_cDDC
082 _a658 ECO 2007
100 _aBarnes Stuart
_919119
245 _aE-Commerce and V-Business/
_cBarnes Stuart
250 _aSecond Edition
260 _aNew York:
_bElsevier,
_c2007.
300 _axxii,380p.:
_bill.,
_c24.4cm.
504 _aIncludes Indexes
650 _aCommerce
_97067
942 _2ddc
_cO_SHELF
999 _c9366
_d9366